00367nam a2200145Ia 4500008004100000020001500041041001200056082001600068100001700084245006300101250000800164260002500172300000800197650001600205221030s9999 xx 000 0 und d a0070473714 aEnglish a105.23bRog aD. F. Rogers 0aProcedural Elements For Computer Graphicscby D. F. Rogers a2nd bTMHaNew Delhic2002 a295 aBE Computer